Papel de la investigación científica y tecnológica en el cambio educativo

Guardado en:
Bibliografiske detaljer
Hovedforfatter: Monge ALfaro, Carlos
Format: Texto
Udgivet: San Pedro de M. de O.: UCR. Departamento de Publicaciones
Tags: Tilføj Tag
Ingen Tags, Vær først til at tagge denne postø!

MARC

LEADER 00000 a a2200000 04500
001 15861
003
040
090 |a 018800  
100 |a Monge ALfaro, Carlos  
245 |a Papel de la investigación científica y tecnológica en el cambio educativo  
260 |a San Pedro de M. de O.:   |b UCR. Departamento de Publicaciones  
300 |a 15 p.  
999 |c 1437  |d 1437